[Event "Medellin de La Raza U2000 op"]
[Site "Medellin"]
[Date "2023.10.14"]
[Round "5"]
[White "Londono Zamora, Duberney"]
[Black "Laverde, Luis Eduardo"]
[Result "1-0"]
[WhiteElo "1668"]
[BlackElo "1954"]
[PlyCount "125"]
[EventDate "2023.10.12"]
[EventType "swiss"]
[EventRounds "9"]
[EventCountry "COL"]
[SourceTitle "Mega2024 Update 01"]
[Source "Chessbase"]
[SourceDate "2023.11.12"]
[SourceVersion "1"]
[SourceVersionDate "2023.11.12"]
[SourceQuality "1"]

1. d4 d5 2. c4 e6 3. Nc3 Nf6 4. cxd5 exd5 5. Bg5 Be7 6. e3 0-0 7. Bd3 Nbd7 8. Qc2 Re8 9. Nge2 c6 10. 0-0 Nf8 11. Rab1 h6 12. Bh4 Ne4 13. Bxe7 Qxe7 14. b4 a6 15. Na4 Nd6 16. Nc5 f5 17. a4 Ne4 18. b5 axb5 19. axb5 Nxc5 20. dxc5 Ne6 21. Bxf5 Nxc5 22. Bg6 Rf8 23. bxc6 bxc6 24. Rfc1 Ra5 25. Nd4 Qc7 26. Ra1 Rxa1 27. Rxa1 Qd6 28. Rc1 Bd7 29. Qxc5 Qxg6 30. Nxc6 Bxc6 31. Qxc6 Qxc6 32. Rxc6 Rd8 33. Kf1 Kf7 34. Ke2 Ke7 35. Rc7+ Kf6 36. h4 h5 37. Kd3 Ra8 38. Rd7 Ra2 39. Rd6+ Kf7 40. Rxd5 Rxf2 41. g3 g6 42. Ke4 Kf6 43. Rd6+ Kf7 44. Rd3 Kf6 45. Kd4 Ra2 46. e4 Re2 47. Rc3 Rd2+ 48. Ke3 Rg2 49. Kf4 Rf2+ 50. Rf3 Ra2 51. e5+ Kg7 52. Re3 Rf2+ 53. Ke4 Ra2 54. Rc3 Ra4+ 55. Kd5 Ra5+ 56. Kd6 Ra6+ 57. Kd7 Ra7+ 58. Rc7 Ra3 59. Ke8+ Kg8 60. e6 Rxg3 61. e7 Ra3 62. Kd7 Rd3+ 63. Ke6 1-0